LEADER 01392cam0-22004571i-450- 001 990002579520403321 005 20050210111834.0 035 $a000257952 035 $aFED01000257952 035 $a(Aleph)000257952FED01 035 $a000257952 100 $a20030910d1962----km-y0itay50------ba 101 0 $aeng 102 $aIT 105 $ay-------101yy 200 1 $aAlgebraical and topological foundations of geometry$eproceedings of a Colloquium held in Utrecht, August 1959$fsponsored by the International mathematical union$gorganized on behalf of the Netherlands mathematical society by Hans Freudenthal 210 $aOxford [etc.]$cPergamon Press$d1962 215 $avii, 208 p.$d25 cm 610 0 $aAtti di convegni 610 0 $aAlgebra 610 0 $aGeometria 610 0 $aGeometria algebrica 610 0 $aTopologia 610 0 $aTopologia algebrica 610 0 $aSistemi dinamici 610 0 $aFrattali matematici 676 $a512 676 $a516 676 $a513 702 1$aFreudenthal,$bHans$f<1905-1990> 801 0$aIT$bUNINA$gRICA$2UNIMARC 901 $aBK 912 $a990002579520403321 952 $aMXXX-A-47$b499$fMAS 952 $a11-013F$b2610$fFI1 952 $a202-C-20$b5031$fMA1 959 $aMAS 959 $aFI1 959 $aMA1 996 $aAlgebraical and topological foundations of geometry$9436138 997 $aUNINA LEADER 01260nam0 2200265 450 001 000043002 005 20170412110721.0 100 $a20170412d1937----km-y0itaa50------ba 101 0 $afre 102 $aIT 200 1 $aRecueil de coefficients et d'équivalences$ecoefficients pour la conversion dans le systeme métrique decimal des poids, mesures et monnaies; tableaux d'équivalences des unités de mesure du système métrique décimal, en unités de mesures anglo-saxonnes$fInstitut international d'agriculture 205 $a5. ed 210 $aRome$c[s.n.]$d1937$eRome$gColombo 215 $a295 p.$d16 cm. 316 $aSulla pagina precedente il front.: Gioacchino Viggiani dicembre 1944 606 1 $aSistemi di misura 676 $a530.81$v(22. ed.)$9Unità e costanti fisiche 712 02$aInstitut international d'agriculture 801 0$aIT$bUniversità della Basilicata - B.I.A.$gREICAT$2unimarc 912 $a000043002 996 $aRecueil de coefficients et d'équivalences$91531849 997 $aUNIBAS CAT $aTTM$b30$c20170412$lBAS01$h1107 FMT Z30 -1$lBAS01$LBAS01$mBOOK$1BASA2$APolo Tecnico-Scientifico$2FVIG$BFondo Viggiani$3FVig.414788$641488$5T41488$7Collocato presso la Scuola di Agraria$820170412$f35$FStanza riservata